| 000 | 00533nam a2200193Ia 4500 | ||
|---|---|---|---|
| 003 | IN-BaIIA | ||
| 008 | 211028s9999 xx 000 0 eng d | ||
| 040 | _cIIA Library | ||
| 080 |
_a535.31 _bROB |
||
| 100 |
_aRobertson, J. K. _92993 |
||
| 245 | 0 |
_aIntroduction to optics _bgeometrical and physical _cJ. K. Robertson |
|
| 250 | _a4th ed. | ||
| 260 |
_aNew York _bVan Nostrand _c1954 |
||
| 300 | _axv, 416p. | ||
| 490 | _aUniversity physics series | ||
| 650 |
_aGeometrical Optics _92023 |
||
| 650 | _aPhysical Optics | ||
| 942 | _cBK | ||
| 999 |
_c1473 _d1473 |
||